000 00682nam a2200289Ia 4500
005 20260324125544.0
008 008 260324s9999 xx 000 0 eng d
020 _a9780203884300
037 _aEBOOK
040 _aCRL
040 _beng
040 _cCRL
041 _2eng
041 _aeng
084 _qCRL
100 _aHasmet M. Uluorta
_91178419
245 4 _aThe Social Economy
245 0 _bWorking Alternatives in a Globalizing Era
260 _bTaylor and Francis
260 _c2009
365 _a
365 _b205
856 _uhttp://www.taylorfrancis.com/books/9780203884300
942 _cEBOOK
999 _c1773810
_d1773810